| 000 | 00587nam a2200157 4500 | ||
|---|---|---|---|
| 999 |
_c16884 _d16884 |
||
| 008 | 220411b ||||| |||| 00| 0 eng d | ||
| 022 | _a0117-3308 | ||
| 082 | _aDPer 004.1105 C73 Sept 2010 - April 2011 v. 20 n. 3-9 | ||
| 100 |
_aTeodoro, Irwin. _945102 |
||
| 245 |
_aMoving a data center?: _bavoid these 4 career-limiting mistakes/ _cIrwin Teodoro. |
||
| 260 |
_aPhilippines: _bSchneider Electric, _c©2010-2011. |
||
| 300 |
_av20 n4, pages 36-37: _bcolor illustrations; _c27 cm. |
||
| 500 | _aComputer world. | ||
| 650 |
_aInformation technology _xdata center. _945103 |
||
| 942 |
_2ddc _cPER |
||